Suid-Afrikaanse tydskrif vir landbouwetenskap = South African journal of agricultural science.
محفوظ في:
| عنوان جديد: | Agroplantae Agroanimalia Agrochemophysica Phytophylactia |
|---|---|
| مؤلفون مشاركون: | , |
| التنسيق: | دورية |
| اللغة: | Afrikaans |
| منشور في: |
[Pretoria] :
Dept. of Agriculture,
1958-1968.
|
| الموضوعات: |
| LEADER | 02035nas a2200433 a 4500 | ||
|---|---|---|---|
| 001 | c000153062 | ||
| 003 | CARM | ||
| 005 | 20020205155251.0 | ||
| 008 | 750901d19581968sa qr p f0 0 0afr d | ||
| 010 | |a sn 86035256 | ||
| 019 | 1 | |a 4904990 |5 LACONCORD2021 | |
| 022 | |a 0585-8860 | ||
| 035 | |a (OCoLC)1587531 |5 LACONCORD2021 | ||
| 041 | 0 | |a afreng |b fre | |
| 042 | |a lcd | ||
| 245 | 0 | 0 | |a Suid-Afrikaanse tydskrif vir landbouwetenskap = |b South African journal of agricultural science. |
| 246 | 0 | 1 | |a South African journal of agricultural science |
| 260 | |a [Pretoria] : |b Dept. of Agriculture, |c 1958-1968. | ||
| 300 | |a 11 v. : |b ill. ; |c 25 cm. | ||
| 310 | |a Quarterly | ||
| 362 | 0 | |a Jaarg. 1, Nr. 1 (Maart 1958)-Jaarg. 11, no. 4 (Desember 1968). | |
| 500 | |a Title from cover. | ||
| 546 | |a Afrikaans and English with some with summaries in French. | ||
| 550 | |a Vol. for 1958 published by the Dept. of Agriculture; vol. for 1959- published by the Dept. of Agricultural Technical Services. | ||
| 580 | |a Continued in part by: Agroanimalia, ISSN 0302-7104, Agrochemophysica, ISSN 0302-7112, Phytophylactica, ISSN 0370-1263, and Agroplantae. | ||
| 650 | 0 | |a Agriculture |x Periodicals. | |
| 710 | 1 | |a South Africa. |b Dept. of Agricultural Technical Services. | |
| 710 | 1 | |a South Africa. |b Dept. of Agriculture. | |
| 785 | 1 | 1 | |t Agroplantae |x 0302-7139 |
| 785 | 1 | 1 | |t Agroanimalia |x 0302-7104 |
| 785 | 1 | 1 | |t Agrochemophysica |x 0302-7112 |
| 785 | 1 | 1 | |t Phytophylactia |x 0370-1263 |w (OCoLC)1762373 |
| 852 | 8 | |b CARM |h A2:AH34E0 |i C02710 |p 0133137 |f SE | |
| 852 | 8 | |b CARM |h A2:AH34E0 |i C02711 |p 0133138 |f SE | |
| 866 | 0 | |a 1:1(1958:03)-11:4(1968:12) | |
| 866 | 0 | |a 1:1(1958:03)-11:4(1968:12) | |
| 999 | f | f | |i c5ce9b9c-f981-56ee-8b79-17775d0c9c25 |s ef1ffa20-2639-5942-b75f-b3df2dc7c069 |
| 952 | f | f | |p Can circulate |a CAVAL |b CAVAL |c CAVAL |d CARM 1 Store |e C02710 |f A2:AH34E0 |h Other scheme |i book |k 1:1(1958:03)-3:4(1960:12) |m 0133137 |
| 952 | f | f | |p Can circulate |a CAVAL |b CAVAL |c CAVAL |d CARM 1 Store |e C02711 |f A2:AH34E0 |h Other scheme |i book |k 4:1(1961:03)-11:4(1968:12) |m 0133138 |